00482pab a2200157 454500008004000000100001600040245005600056260000900112300001200121362001200133650002000145773002800165909001000193999001700203952010400220180718b1996 xxu||||| |||| 00| 0 eng d aIyer, Aditi aCrisis of credibility: the tale of medical councils c1996 ap.17-20 aJul-Aug aHealth services aHealth for the Millions a32931 c32931d32931 00104070aIIPAbIIPAd2018-07-19hVolume no: 22, Issue no: 4pAR33138r2018-07-19w2018-07-19yAR